00698nam a2200193 a 450000100060000000300090000600800410001504000280005608200160008410000300010024500540013026000610018430000160024565000340026165000290029594200120032499900170033695201510035313102CO-ViMGA141112s2004 ck r 000 u spa d aCO-ViMGAbspacCO-ViMGA04a631.45 S8171 aSuarez, Diaz Jaime91918810aManual de Ingenieria para el control de erosión aBogotá : bUniversidad Industrial de Santander, c1992 a318p. : il.14aCONSERVACION DE SUELOS91918914aEROSION DE SUELOS919190 2ddccBK c23926d23926 00102ddc40708002aMEVIECARbMEVIECARd2015-12-04hVolumen. 1 | 11/jun/2009l0o631.45 S817 p13102r2015-12-04 00:00:00tEj. 1w2015-12-04yBK